| 000 | 00438nam a22001817a 4500 | ||
|---|---|---|---|
| 003 | OSt | ||
| 005 | 20170105103442.0 | ||
| 008 | 120426t xxu||||| |||| 00| 0 eng d | ||
| 020 | _a9788177541939 | ||
| 040 | _cASAB | ||
| 050 | _a615.10, PUR | ||
| 100 |
_aPurohit _9180 |
||
| 245 |
_aPharmaceutical Microbiology _cPurohit Saluja |
||
| 260 |
_aindia _bAgrobios |
||
| 300 | _a596 | ||
| 650 |
_aPharmaceutical Micro _9181 |
||
| 942 |
_2lcc _cBK |
||
| 999 |
_c16490 _d16490 |
||